000 00294nam a22001337a 4500
008 170627b xxu||||| |||| 00| 0 eng d
020 _a9780078038891
041 _aeng
080 _22ND
_a82
100 _a21
101 _aGJL
245 _aCOURSE READER HIS 108
_cCALVERT.J
942 _2udc
_cBK
999 _c19230
_d19230